000 00281nam a2200097Ia 4500
001 1190793
005 20250827021623.0
008 250824s9999 xx 000 0 und d
245 0 _aKUDÜS'ÜN İKİNCİ FATİHİ SELAHADDİN EYYÜBİ
_cMERYEM UÇAR
260 _bERDEM GENÇ YAYINLARI
999 _c1190793
_d1190793